000 00274 a2200121 4500
001 146270
040 _cEscola São Tomás de Aquino
100 _aOLIVEIRA, Dinah Sales de
240 1 0 _aPollyanna
_lpor
245 1 0 _aPollyanna
697 _a*LITERATURA INFANTO
942 _cBK
999 _c146270
_d146270